000 00307nam a2200133 4500
005 20260530115300.0
100 1 _aMIT
_931113
245 1 0 _aDesign Issues
264 1 _bMIT Press
_c1998
300 _a90 páginas
336 _atexto
_2rdacontent
337 _asin medio
_2rdamedia
338 _avolumen
_2rdacarrier
999 _c12810
_d12810